| 000 | 00771nam a22001577a 4500 | ||
|---|---|---|---|
| 080 | _a347.9 (861) R 313 | ||
| 100 |
_4aut _aRestrepo Rodriguez, Ruben Dario |
||
| 245 | _aEl proceso Monitorio en Colombia desde un derecho procesal critico. Un avistamiento a la legislacion argentina, Tucuman | ||
| 300 | _a129 P. | ||
| 500 | _aDirector de tesis: Piana, Ricado sebastian | ||
| 502 | _aTesis (Doctorado)--Universidad Nacional de Mar del Plata. facultad de Derecho. Departamento de Posgrado, (S/F). | ||
| 504 | _aTiene Referencias Bibliograficas: P. 119 a 129. | ||
| 650 |
_2IEDCYT _aproceso monitorio _aColombia _aArgentina _aDe causis ante procedure _aDe causis in processus _aPost ad validitatem _xTucuman _xtutela judicial efectiva |
||
| 945 |
_acd _d2025-06-04 |
||
| 999 |
_c5497 _d236001 |
||